| 000 | 00521nam a22001697a 4500 | ||
|---|---|---|---|
| 005 | 20231109132150.0 | ||
| 008 | 231109b |||||||| |||| 00| 0 eng d | ||
| 020 | _a0702118079 | ||
| 041 | _aEnglish | ||
| 082 | _a346.2 JOU | ||
| 100 |
_aJoubert, DJ _lEnglish |
||
| 245 |
_aGeneral Principles of the Law of Contract / _cDJ Joubert |
||
| 260 |
_aCape Town : _bJuta and Company Ltd, _c1987 |
||
| 300 |
_blxvii, 344 pages ; _c26 cm. |
||
| 650 |
_aLegal practice _bLaw |
||
| 942 |
_cBK _6ALISON_BN_VRIES |
||
| 999 |
_c484 _d484 |
||